LEADER 01013cam0-22003251i-450- 001 990006666390403321 005 20111109093927.0 035 $a000666639 035 $aFED01000666639 035 $a(Aleph)000666639FED01 035 $a000666639 100 $a20010426d1999----km-y0itay50------ba 101 0 $aita 102 $aIT 105 $ay-------001yy 200 1 $aProspetto della penisola salentina$fNicola Maria Cataldi 205 $aRist. anast. 210 $a[Sala bolognese]$cA. Forni$d1999 215 $a192 p., [1] c. di tav.$d22 cm 300 $aRipr. facs. dell'ed.: Lecce, Tip. del Reale ospizio S. Ferdinando, 1857 610 0 $aSalento$aPopoli$aStoria$aOrigini$aSec. 11. 676 $a945.753$v20$zita 700 1$aCataldi,$bNicola Maria$f<1782-1867 ;$csac.>$0248866 801 0$aIT$bUNINA$gREICAT$2UNIMARC 901 $aBK 912 $a990006666390403321 952 $aVII D 97$b38654$fFSPBC 959 $aFSPBC 996 $aProspetto della penisola salentina$9612613 997 $aUNINA LEADER 00825nam2-22003011i-450- 001 990000187300403321 035 $a000018730 035 $aFED01000018730 035 $a(Aleph)000018730FED01 035 $a000018730 100 $a20011111d--------km-y0itay50------ba 101 0 $aita 105 $ay-------001yy 200 1 $a3. : Elettromagnetismo e circuiti. 396 p. :ill. 210 $aBologna$cPatron$d1970- 215 $av.$d24 cm 461 0$1001000000194$12001$aElettrotecnica 610 0 $aElettrotecnica 676 $a621.3 700 1$aBasile,$bStefano$0161 801 0$aIT$bUNINA$gRICA$2UNIMARC 901 $aBK 912 $a990000187300403321 952 $a13 B 77 19$b28635$fFINBC 959 $aFINBC 996 $a3. : Elettromagnetismo e circuiti. 396 p. :ill$9122637 997 $aUNINA DB $aING01